Most popular German Beer Brands - Statistics

General Stats
  • This quiz has been taken 321 times
  • The average score is 5 of 14
Answer Stats
Hint Answer % Correct
4 Becks
73%
2 Bitburger
64%
7 Paulaner Weißbier
63%
1 Krombacher
55%
3 Warsteiner
51%
10 Erdinger Weißbier
45%
12 Jever
42%
5 Veltins
37%
8 Radeberger
34%
13 Franziskaner
29%
9 König Pilsener
19%
11 Holsten Pilsener
15%
6 Hasseröder
14%
14 Diebels Alt
7%
No matching quizzes found
Score Distribution
Percent of People with Each Score
Percentile by Number Answered
Your Score History
You have not taken this quiz